000 00900nam a2200349 a 4500
003 AR-BaBNM
005 20251128203233.0
008 082120s2002 ||||||||||||||000 | spa||
040 _cAR-BaBNM
100 1 _aGarcía Velloso, Enrique
245 0 0 _aMemorias de un hombre de teatro
260 _aBuenos Aires
_bEudeba
_c1942
300 _a140 p.
_bil.
490 0 _aSerie del siglo y medio
_vv. 21
650 4 _aLITERATURA ARGENTINA
650 4 _aTEATRO
650 4 _aARTES ESCENICAS
650 4 _aTEATRO POPULAR
650 4 _aVIDA SOCIAL
650 4 _aCIRCOS
650 4 _aESCRITORES
650 4 _aBIOGRAFIAS
650 4 _aVIDA LITERARIA
653 _aSAINETE
653 _aLITERATURA GAUCHESCA
653 _aMEMORIAS
655 _aLITERATURA
700 1 _aUrquiza, Juan José de
_ecompilador
700 1 _aGorriarena, Carlos
_eilustrador
942 _cBK
998 _cMARTIN
999 _c2523
_d2523